| 000 | 01738nam a2200277 i 4500 | ||
|---|---|---|---|
| 001 | 81143 | ||
| 003 | ES-MaACL | ||
| 005 | 20230906174358.0 | ||
| 007 | t| | ||
| 008 | 041103s1925 sp af |||| |dmul d | ||
| 080 | _a082 Menéndez Pidal, Ramón | ||
| 245 | 0 | 0 |
_aHomenaje ofrecido a Menéndez Pidal : _bmiscelánea de estudios lingüísticos, literarios e históricos. |
| 246 | 3 | _aHomenaje a Menéndez Pidal | |
| 260 |
_aMadrid : _bLibrería y Casa Editorial Hernando, _c1925. |
||
| 300 |
_a3 v., 1 lám. : _bil. ; _c27 cm. |
||
| 500 | _aÍndices, v. 3: p. [675]-697. | ||
| 504 | _aReferencias bibliográficas. | ||
| 505 | 8 | _aContiene: 3. La reaparición del "Tirant lo Blanch" de Barcelona de 1497: primera descripción bibliográfica completa / Homero Serís . La librería de Velázquez / F.J. Sánchez Cantón . Sobre los íberos y su lengua / Manuel Gómez-Moreno . La historia del abad Don Juan: (adiciones bibliográficas) / Felipe Morales de Setién . Cuatro notas sobre Cristóbal de Castillejo / J. Domínguez Bordona . Capitulaciones celebradas para el rescate de Abu Omar Muza Benibrahim, Visir del reino de Fez, cautivo en el reino de Aragón (1360) / Pedro Longás . Pronunciación guipuzcoana: contribución al estudio de la fonética vasca / T. Navarro Tomás . Bibliografía de D. Ramón Menéndez Pidal / G. Arteta y Errasti | |
| 546 | _aTextos en español, alemán, francés, inglés e italiano. | ||
| 599 | _aLám.: retr. de Menéndez Pidal, fototipia de Hauser y Menet. | ||
| 600 | 1 | 4 |
_aMenéndez Pidal, Ramón, _d1869-1968- _vHomenajes _980316 |
| 700 | 1 |
_aArteta y Errasti, Germán. _9155925 |
|
| 710 | 2 |
_aHauser y Menet (Madrid) _94558 |
|
| 852 |
_aES-MaACL _jA-1589-91 |
||
| 999 |
_c81143 _d81143 |
||